• 首页
  • 本馆介绍
  • 公告通知
  • 最新文献
  • 馆藏检索
  • 电子资源
  • 读者导购
  • 参考咨询
  • 我的图书馆
  • 登录
  • 详细信息显示
  • 放入我的书架
  • 预约/预借图书
  • 作者相关作品
  • 分类相关作品
  • 丛书相关作品
  • 出版社相关作品

书目信息

  • 表格格式
  • 工作单格式
  • 卡片格式
题名:
图利的猫
    
 
作者: 蒂特尔 著 ;李思逸 译
分册:  
出版信息: 重庆   重庆大学出版社  2012
页数: 190页
开本: 21cm
丛书名: 哲学与生活丛书
单 册:
中图分类: O144.2-49
科图分类:
主题词: 悖论--普及读物
电子资源:
ISBN: 978-7-5624-6483-9
000 01321oam2 2200301 45
001 1360592843
005 20130530171041.56
010    @a978-7-5624-6483-9@dCNY22.00
100    @a20130513d2012 em y0chiy0110 ea
101 1  @achi@ceng
102    @aCN@b500000
105    @ay z 000yy
106    @ar
200 1  @a图利的猫@ATu Li De Mao@e史上最著名的116个思想悖论@EShi Shang Zui Zhu Ming De 116 Ge Si Xiang Bei Lun@dWhat if... collected thought experiments in philosophy@f(美)佩格·蒂特尔(Peg Tittle)著@F( Mei ) Pei Ge· Di Te Er (Peg Tittle) Zhu@g李思逸译@zeng
210    @a重庆@c重庆大学出版社@d2012
215    @a190页@d21cm
225 2  @a哲学与生活丛书
305    @a由Pearson Education, Inc.授权
330    @a本书权威集结了116个著名的思想悖论,带你历遍西方哲学家2500多年无力杀出的暗礁险滩,涉及形而上学、心灵哲学、人格同一性、语言哲学、认识论、逻辑、伦理学、社会政治哲学、美学等。
461  0 @12001 @a哲学与生活丛书
510 1  @aWhat if... collected thought experiments in philosophy@zeng
517 1  @a史上最著名的116个思想悖论@AShi Shang Zui Zhu Ming De 116 Ge Si Xiang Bei Lun
606 0  @a悖论@j普及读物
690    @aO144.2-49@v5
701  0 @c(美)@a蒂特尔@ADi Te Er@c(Tittle, Peg)@4著
702  0 @a李思逸@ALi Si Yi@4译
801    @aCN@bTANGWEI@c20130523
905    @b0835933-36@dO144.2-49@e91@f4
    
    图利的猫:史上最著名的116个思想悖论=What if... collected thought experiments in philosophy/(美)佩格·蒂特尔(Peg Tittle)著/李思逸译.-重庆:重庆大学出版社,2012
    190页;21cm.-(哲学与生活丛书)
    
    
    ISBN 978-7-5624-6483-9:CNY22.00
    本书权威集结了116个著名的思想悖论,带你历遍西方哲学家2500多年无力杀出的暗礁险滩,涉及形而上学、心灵哲学、人格同一性、语言哲学、认识论、逻辑、伦理学、社会政治哲学、美学等。
●
相关链接 在E读中查询图书 在五车中查询图书 在当当中查询图书 在豆瓣中查询图书


正题名:图利的猫     索取号:O144.2-49/91         预约/预借

序号 登录号 条形码 馆藏地/架位号 状态 备注
1 0835933   208359337   第二样本阅览室/ [索取号:O144.2-49/91] 在馆    
2 0835934   208359346   第三借阅区/ [索取号:O144.2-49/91] 在馆    
3 0835935   208359355   第三借阅区/ [索取号:O144.2-49/91] 在馆    
4 0835936   208359364   第三借阅区/ [索取号:O144.2-49/91] 在馆    
欢迎您!
大连网信软件有限公司© 版权所有